Statistics for Command and Conquer Generals Units

Click here to take the quiz!

General Stats

  • This quiz has been taken 136 times
  • The average score is 29 of 45

Answer Stats

Answer% Correct
Humvee
85%
Scorpion Tank
83%
Overlord
81%
Raptor
77%
Paladin Tank
76%
Ranger
75%
Rebel
75%
SCUD Launcher
75%
Black Lotus
74%
Crusader Tank
74%
Hacker
74%
MIG
74%
Terrorist
73%
Worker
73%
Red Guard
72%
Tomahawk Launcher
72%
Comanche
70%
Dragon Tank
70%
Quad Cannon
68%
Aurora Bomber
66%
Construction Dozer
66%
Construction Dozer
66%
JarmenKell
66%
Colonel Burton
65%
Rocket Buggy
65%
RPG Trooper
65%
Gatling Tank
64%
Marauder Tank
64%
Stealth Fighter
64%
Technical
63%
Angry Mob
61%
Battlemaster Tank
59%
Chinook
58%
Pathfinder
58%
Nuke Cannon
57%
Tank Hunter
57%
Missile Defender
55%
Inferno Cannon
53%
Ambulance
50%
Bomb Truck
50%
Hijacker
49%
Troop Crawler
48%
Supply Truck
47%
Radar Van
42%
Toxin Tracktor
32%

Score Distribution

Percentile by Number Answered

Percent of People with Each Score

Your Score History

You have not taken this quiz